Pla d'usos i gestió dels equipaments culturals de Sant Julià de Vilatorta
Publicado:
Barcelona :
Diputació de Barcelona. Centre d'Estudis i Recursos Culturals (CERC) : Ajuntament de Sant Julià de Vilatorta ,
2013
Descripción Física:
79 p. ; 30 cm.
Idioma:
Catalán
MARC
| LEADER | 00000nam a22000007a 4500 | ||
|---|---|---|---|
| 001 | 25105 | ||
| 008 | 211229b spa||||| |||| 00| 0 cat d | ||
| 245 | |a Pla d'usos i gestió dels equipaments culturals de Sant Julià de Vilatorta | ||
| 260 | |a Barcelona : |b Diputació de Barcelona. Centre d'Estudis i Recursos Culturals (CERC) : |b Ajuntament de Sant Julià de Vilatorta ; |c 2013 | ||
| 300 | |a 79 p. ; |c 30 cm. | ||
| 650 | 0 | |9 52448 |a Equipaments culturals |z Sant Julià de Vilatorta | |
| 700 | |9 52450 |a Spa, Carles, coord. | ||
| 700 | 1 | |a Argimon, Eugènia |9 52451 | |
| 710 | |a Sant Julià de Vilatorta (Catalunya). |b Ajuntament |9 52449 | ||
| 710 | 1 | |a Barcelona (Catalunya : Província). |b Centre d'Estudis i Recursos Culturals |9 52487 | |
| 942 | |2 udc |c ARXIU |n 1 | ||
| 952 | |0 0 |1 0 |2 udc |4 0 |6 BIB378 |7 1 |9 60930 |a Arxiu |b Arxiu |d 2021-12-29 |l 0 |o Bib-378 |p 25105 |r 2021-12-29 00:00:00 |w 2021-12-29 |y ARXIU | ||
| 999 | |c 81055 |d 81055 | ||